Statistiques concernant Quiz Harry Potter pour Potterheard confirmés

Cliquez ici pour prendre le quiz!

Statistiques générales

  • Ce quiz a été pris 3 813 fois
  • Le résultat moyen est 146 sur 461

Statistiques - réponses

Answer% Correct
Poudlard
99%
Albus Dumbledore
94%
Severus Rogue
93%
Serpent
92%
Minerva McGonagall
92%
Albus
91%
Serdaigle
90%
Gryffondor
89%
Ron
89%
Ronald - Ron
89%
Poufsouffle
88%
Serpentard
88%
Harry
87%
Harry Potter
87%
Lion
86%
Salazar Serpentard
86%
Drago
86%
Godric Gryffondor
85%
Cho
85%
James
84%
Aigle
84%
Rowena Serdaigle
83%
Perceval - Percy
83%
Nick Quasi-sans-tête
83%
Molly
83%
Lily
82%
Helga Poufsouffle
82%
Ginny
82%
Fred
82%
George
82%
Ginevra - Ginny
82%
Dobby
81%
Vert gallois
81%
Arthur
81%
William - Bill
81%
Pomona Chourave
81%
Charles - Charlie
81%
Neville
80%
Lucius
80%
Filius Flitwick
80%
Dolores Ombrage
79%
Le Baron Sanglant
79%
Percy
79%
Blaireau
78%
Vol
78%
Rouge et or
77%
Narcissa
77%
Petunia
76%
Dudley
76%
Vernon
75%
Remus Lupin
75%
Hermione
74%
Peeves
74%
Potions
73%
La Dame Grise
73%
Vert et argent
72%
Le Choixpeau magique
71%
Mimi Geignarde
69%
Azkaban
68%
Le Moine Gras
68%
Métamorphose
67%
Jaune et noir
67%
Bague de Gaunt
67%
Lord Voldemort
67%
Poudlard express
66%
9 3/4
65%
Abelforth Dumbledore
64%
Abelforth
64%
Botanique
63%
Fleur Delacour
63%
Garrick Ollivander
63%
Sortilèges
63%
Cape d'invisibilité
63%
Baguette de sureau
61%
Ariana
61%
Magicobus
60%
Divination
59%
Rolanda Bibine
59%
Gilderoy Lockhart
58%
Mangemorts
58%
Gallion
58%
Albus Severus
58%
Bleu et bronze
57%
Viktor Krum
57%
Kreattur
57%
King's Cross
57%
Cedric
56%
Hermione Granger
55%
Rogue
55%
Rubeus Hagrid
55%
Pré-au-Lard
55%
Jack Russel terrier
55%
Sibylle Trelawney
55%
Alastor Maugrey
54%
Pierre de résurrection
54%
Troll
54%
Harry Potter
53%
Ron Weasley
53%
Horace Slughorn
53%
Alice
52%
Chemin de traverse
52%
Optimal
52%
Cedric Diggory
52%
James Potter
51%
Luna
51%
Sirius Black
51%
Patmol
50%
Lupin
50%
Soins aux créatures magiques
50%
Dentistes
50%
Beauxbâtons
50%
Igor Karkaroff
50%
Quirinus Quirrell
50%
Rose
49%
Winky
48%
Olympe Maxime
48%
Remus Lupin
48%
Helena Serdaigle
48%
James Sirius
48%
Drago Malefoy
48%
Vif d'or
48%
Le Terrier
47%
Mornille
47%
Lily Luna
47%
Cerf
46%
Gardien
46%
Attrapeur
46%
Astronomie
45%
Ernie
45%
Pansy
45%
Sainte Mangouste
45%
Cognards
45%
Avada Kedavra
45%
Cabane Hurlante
44%
Doloris
44%
Frank
44%
Scorpius
44%
Le Chaudron Baveur
43%
Histoire de la magie
43%
Biche
43%
Godric's Hollow
43%
Etude des moldus
43%
Chat
43%
Les Trois Balais
42%
Lunard
42%
Imperium
42%
Cornedrue
42%
Peter Pettigrow
42%
Durmstrang
42%
Méfait accompli
42%
Batteur
42%
Souaffle
42%
Brevet Universel de Sorcellerie Elementaire
42%
Loutre
41%
Noise
40%
Hugo
40%
Poursuiveur
40%
Défenses contre les forces du mal
40%
Cornelius Fudge
39%
Pansy Parkinson
39%
Etude des Runes
39%
7
39%
Nagini
38%
Armando Dippet
38%
Buck
38%
Aragog
37%
Croutard
37%
Hedwige
37%
Cuthbert Binns
37%
Acceptable
36%
Pattenrond
36%
Cracmol
36%
Queudver
35%
Journal de Jedusor
35%
Effort exceptionnel
35%
Diadème de Serdaigle
34%
Je jure solennellement que mes intentions sont mauvaises
34%
Piètre
34%
Coupe de Poufsouffle
34%
Perceval
34%
Phénix
33%
Harry Potter et la chambre des secrets
33%
La Tête de Sanglier
33%
Stan Rocade
33%
Harry Potter à l'école des sorciers
33%
Cheval
32%
Miss Teigne
32%
Medaillon de Serpentard
32%
Albus Perceval Wulfric Brian Dumbledore
32%
Kendra
31%
Harry Potter et la coupe de feu
31%
Nimbus 2000
31%
Harry Potter et le prisonnier d'Azkaban
31%
Harry Potter et les reliques de la Mort
31%
Harry Potter et le Prince de sang-mêlé
30%
Augusta
30%
Moldu
30%
Harry Potter et l'Ordre du phénix
30%
Lièvre
30%
Wilhelmina Gobe-Planche
30%
Société d'Aide à la Libération des Elfes
29%
Hannah
29%
Aurora Sinistra
29%
Fumseck
29%
Trevor
29%
Crockdur
28%
Padma
28%
Quidditch
28%
Victoire
28%
Pompom Pomfresh
28%
Norbert
28%
Graup
27%
Magyar à pointes
27%
Argus Rusard
26%
Garde chasse
26%
Touffu
26%
Mme Rosmerta
26%
Désolant
26%
Hannah Abbot
25%
Padma Patil
25%
Ernie MacMillan
24%
Loup
24%
Beedle le Barde
24%
Sir Nicholas de Mimsy-Porpington
23%
Rufus Scrimgeour
23%
Errol
22%
Infirmière
22%
Armando
21%
Plûme de phénix
21%
Coquecigrue
21%
Charity Burbage
21%
Irlande
20%
Louis
19%
Dippet
19%
Dominique
19%
Mykew Gregorovitch
18%
Black
17%
Cygne
16%
Septime Vector
16%
Ministère de la magie
16%
Phineas Nigellus Black
16%
Irma Pince
15%
Boutefeu chinois
15%
La Gazette du Sorcier
15%
Lucy
15%
2 mai 1998
15%
Bellatrix
15%
Diggory
14%
31 juillet 1980
14%
Bouc
14%
Arnold
14%
Kingsley Shacklebolt
14%
Roxane
14%
Anthony
14%
Hermès
14%
Lynx
13%
Anthony Goldstein
13%
Molly II
13%
Bibliothécaire
13%
Fred II
13%
4 Privet Drive, Little Whinging
12%
Suédois à museau court
12%
Accumulation de Sorcellerie Particulièrement Intensive et Contraignante
11%
Parvati
11%
12 Square Grimmaurd, Londres
9%
Dobby est un elfe libre
9%
Toujours
9%
Fabian Prewett
9%
31 octobre 1981
8%
Gideon Prewett
8%
Pius Thicknesse
8%
Carrow
7%
Draco dormiens nunquam titillandus
7%
Croupton
7%
Amycus
7%
Angelina
6%
Alecto
6%
Xenophilius
6%
Ernie Danlmur
6%
Delacour
6%
Arithmantie
6%
Consièrge
6%
Bathsheda Babbling
6%
Nicolas
6%
Amos
5%
Seamus
5%
Spero Patronum
5%
Dean
5%
Lavande
4%
Ted
4%
Olivier
4%
Justin
4%
Lee
4%
Tonks
4%
Gabrielle
4%
Alicia
3%
Teddy
3%
Vincent
3%
Rita
3%
Nymphadora
3%
Brülopot
3%
Michael
3%
Eclair
3%
Regulus
3%
Katie
3%
Merci pour eux
3%
Grindelwald
3%
Cormac
3%
Pénélope
2%
Susan
2%
Mondingus
2%
Gellert
2%
Elphias
2%
Bartemius
2%
Terry
2%
Antonin
2%
Fenrir
2%
Bathilda
2%
Colin
2%
Everard
2%
Je ne montre pas ton visage mais de ton coeur le désir
2%
Blaise
2%
Gregory
2%
Astoria
2%
Andromeda
2%
Marietta
1%
Orion
1%
Basilic
1%
Millicent
1%
Accio
1%
Detraqueurs
1%
Walburga
1%
Marcus
1%
Lumos
1%
Wingardium Leviosa
1%
Theodore
1%
Zacharias
1%
Roger
1%
Tourdesac
1%
Nox
1%
Expelliarmus
1%
Verpey
1%
Amelia
1%
Doge
1%
Smith
1%
Prince
1%
Lovegood
1%
Lestrange
1%
Ses inférieurs, pas ses égaux
1%
Ou pire, renvoyés
1%
Gaunt
1%
Fletcher
1%
Flamel
1%
Romilda
1%
Dolohov
1%
Figg
1%
Ludovic
1%
Morfin
1%
Dedalus
1%
Arabella
1%
Elvis
1%
Ignotus Peverell
1%
Merope
1%
Mafalda
1%
Bertha
1%
Rodolphus
1%
Rabastan
1%
Dennis
1%
Hippogriffe
0%
Craig
0%
Gobelbabil
0%
Fourchelangue
0%
Vélane
0%
Strangulot
0%
Sombral
0%
Niffleur
0%
Collaporta
0%
Goule
0%
Cattermole
0%
Miranda
0%
Pernelle
0%
Gwenog
0%
Silvanus
0%
Sturgis
0%
Eileen
0%
Tobias
0%
Cadmus Peverell
0%
Antioch Peverell
0%
Bones
0%
Crochue
0%
Bertie
0%
Florent Fortarome
0%
Diggle
0%
Dragonneau
0%
Eskivdur
0%
Fauconnette
0%
Greyback
0%
Hopkrik
0%
Jones
0%
Jorkins
0%
Podmore
0%
Skeeter
0%
Wilbert
0%
Reginal
0%
Doxy
0%
Riddikulus
0%
Centaure
0%
Boursouf
0%
Botruc
0%
Inféri
0%
Mimbulus Mimbletonia
0%
Filet du diable
0%
Branchiflore
0%
Veritaserum
0%
Felix Felicis
0%
Polynectar
0%
Reparo
0%
Ascensio
0%
Petrificus Totalus
0%
Oubliettes
0%
Incendio
0%
Impedimenta
0%
Hominum Revelio
0%
Finite Incantatem
0%
Evanesco
0%
Confundo
0%
Amplificatum
0%
Alohomora
0%
Aguamenti
0%
Hepzibah
0%

Distribution des résultats

Percentile par nombre de réponses

% des personnes avec chaque résultat

Votre développement - résultats

Vous n’avez pas pris ce quiz